=LDR 00000nam 2200000 4500 =001 INLIS000000000007795 =005 20130612095734 =008 ***********************************Ind** =035 ##$$0010-061300000007795 =041 ##$$a Ind =082 ##$$a F Rom D =090 ##$$a F Rom D, Isk k =100 ##$$a ISKANDAR, N. St =245 ##$$a Katak hendak jadi Lembu, N. St. Iskandar =260 ##$$a 1990 $b Jakarta =300 ##$$a 174 hlm., 21 cm =650 ##$$a Fiksi Dewasa =850 ##$$a NBPNMAT =990 ##$$a 0001/BPAP-NTB/20142015